Cool hot colors : (Record no. 352799)
[ view plain ]
| 000 -LEADER | |
|---|---|
| fixed length control field | 00772 a2200241 4500 |
| 003 - CONTROL NUMBER IDENTIFIER | |
| control field | OSt |
| 005 - DATE AND TIME OF LATEST TRANSACTION | |
| control field | 20180116192347.0 |
| 008 - FIXED-LENGTH DATA ELEMENTS--GENERAL INFORMATION | |
| fixed length control field | 120531t xxu||||| |||| 00| 0 eng d |
| 010 ## - LIBRARY OF CONGRESS CONTROL NUMBER | |
| LC control number | 97080091 |
| 020 ## - INTERNATIONAL STANDARD BOOK NUMBER | |
| International Standard Book Number | 0764303422 |
| 020 ## - INTERNATIONAL STANDARD BOOK NUMBER | |
| International Standard Book Number | 9780764303425 |
| 040 ## - CATALOGING SOURCE | |
| Transcribing agency | 0 |
| 082 04 - DEWEY DECIMAL CLASSIFICATION NUMBER | |
| Classification number | 677.02864 |
| 100 1# - MAIN ENTRY--PERSONAL NAME | |
| Personal name | Shih, Joy. |
| 9 (RLIN) | 2841 |
| 245 10 - TITLE STATEMENT | |
| Title | Cool hot colors : |
| Remainder of title | fabrics of the late 1960s / |
| Statement of responsibility, etc. | Joy Shih. |
| 260 ## - PUBLICATION, DISTRIBUTION, ETC. | |
| Place of publication, distribution, etc. | Atglen, PA : |
| Name of publisher, distributor, etc. | Schiffer Pub., |
| Date of publication, distribution, etc. | c1997. |
| 300 ## - PHYSICAL DESCRIPTION | |
| Extent | 112 p. : |
| Other physical details | chiefly col. ill. ; |
| Dimensions | 22 x 28 cm. |
| 440 #2 - SERIES STATEMENT/ADDED ENTRY--TITLE | |
| Title | A Schiffer design book |
| 9 (RLIN) | 2842 |
| 650 10 - SUBJECT ADDED ENTRY--TOPICAL TERM | |
| Topical term or geographic name entry element | Textile fabrics |
| General subdivision | History |
| Chronological subdivision | 20th century |
| General subdivision | Design. |
| 9 (RLIN) | 2843 |
| 650 10 - SUBJECT ADDED ENTRY--TOPICAL TERM | |
| Topical term or geographic name entry element | Color in design. |
| 9 (RLIN) | 2844 |
| 942 ## - ADDED ENTRY ELEMENTS (KOHA) | |
| Institution code [OBSOLETE] | SADA |
| Koha item type | Book |
| Call number prefix | 677.02864 SHI 1997 |
| Source of classification or shelving scheme | |
| Withdrawn status | Lost status | Source of classification or shelving scheme | Damaged status | Not for loan | Permanent Location | Current Location | Date acquired | Total Checkouts | Full call number | Barcode | Date last seen | Cost, replacement price | Price effective from | Koha item type |
|---|---|---|---|---|---|---|---|---|---|---|---|---|---|---|
| School of Art Design and Architecture (SADA) | School of Art Design and Architecture (SADA) | 04/13/2011 | 677.02864 SHI 1997 | SADA0000845 | 08/05/2011 | 1418.00 | 08/05/2011 | Book |
